| 000 | 00630nam a2200229Ia 4500 | ||
|---|---|---|---|
| 005 | 20230114114239.0 | ||
| 008 | 131103s9999 xx 000 0 und d | ||
| 020 |
_a091564104 3 _cRs. 395 |
||
| 040 | _aLoreto College | ||
| 041 | _aEnglish | ||
| 082 |
_a954 _bALO |
||
| 100 | _aAloysius, G. | ||
| 245 |
_aNationalism without a nation in India _cG.Aloysius |
||
| 260 |
_aDelhi _bOxford University Press _c1997 |
||
| 300 | _axii,265p. | ||
| 504 | _aIncludes bibliographical references and index | ||
| 630 | _aIndia - History | ||
| 650 | _aHistory - | ||
| 651 | _aNationalism - History - | ||
| 850 | _aLCLIB | ||
| 942 | _cBK | ||
| 999 |
_c780 _d51259 |
||